Sociální vztahy v organizaci a jejich management

Gespeichert in:
Bibliographische Detailangaben
1. Verfasser: Bednář, Vojtěch
Format: Buch
Sprache:Tschechisch
Veröffentlicht: Praha Grada Publishing 2013
Ausgabe:1. vydání
Schlagworte:
Tags: Tag hinzufügen
Keine Tags, Fügen Sie das erste Tag hinzu!

MARC

LEADER 00000nam a2200000 4500
001 0299520
005 20240523142812.8
020 |a 978-80-247-4211-3 
041 0 |a cze 
044 |a CZ 
245 1 0 |a Sociální vztahy v organizaci a jejich management  |c Vojtěch Bednář a kolektiv 
250 |a 1. vydání 
264 1 |a Praha  |b Grada Publishing  |c 2013 
300 |a 224 s. 
610 2 0 |a vzťahy medziľudské 
610 2 0 |a vzťahy pracovné 
610 2 0 |a práca tímová 
610 2 0 |a kultúra podniková 
610 2 0 |a manažment personálny 
610 2 0 |a riadenie ľudských zdrojov 
610 2 0 |a vedenie ľudí 
610 2 0 |a konflikty 
610 2 0 |a komunikácia manažérska 
610 2 0 |a komunikácia sociálna 
610 2 0 |a marketing personálny 
100 1 |a Bednář, Vojtěch